[Event "Centrocoop June op-A"]
[Site "Eforie Nord"]
[Date "1999.06.??"]
[Round "?"]
[White "Tocan, Cristian"]
[Black "Aldea, Laurentiu Ioan"]
[Result "0-1"]
[WhiteElo "2285"]
[BlackElo "2142"]
[PlyCount "112"]
[EventDate "1999.06.??"]
[EventType "swiss"]
[EventRounds "11"]
[EventCountry "ROU"]
[SourceTitle "EXT 2004"]
[Source "ChessBase"]
[SourceDate "2003.11.25"]
[SourceVersion "1"]
[SourceVersionDate "2003.11.25"]
[SourceQuality "1"]

1. e4 c5 2. Nf3 d6 3. d4 cxd4 4. Qxd4 a6 5. Bg5 Nc6 6. Qd2 Nf6 7. Nc3 e6 8. 0-0-0 Qa5 9. Kb1 Be7 10. Bc4 0-0 11. h4 b5 12. Bb3 b4 13. Bxf6 Bxf6 14. Ne2 Bb7 15. Qxd6 Rfd8 16. Qf4 Qb5 17. Qe3 a5 18. c4 bxc3 19. Nxc3 Bxc3 20. Qxc3 Nb4 21. Ng5 Rxd1+ 22. Rxd1 h6 23. Bc4 Qa4 24. Bb3 Qb5 25. Bc4 Qc6 26. a3 hxg5 27. axb4 axb4 28. Qc2 Qc7 29. hxg5 Qa5 30. Qd3 Qxg5 31. g3 Qe5 32. Re1 Qa5 33. Rd1 Qe5 34. Re1 Qa5 35. Rd1 Qa1+ 36. Kc2 Qa4+ 37. Kd2 Qa5 38. Kc2 Qa4+ 39. Kd2 Qa5 40. Kc2 Qa4+ 41. Kd2 Qa5 42. Kc2 Rc8 43. Kb1 Qc5 44. Qe2 Kf8 45. Bb3 Qe5 46. Re1 Ra8 47. f4 Qa5 48. Bc4 b3 49. Bxb3 Ba6 50. Qe3 Bd3+ 51. Qxd3 Qxe1+ 52. Kc2 Ke7 53. Bc4 Ra1 54. Qe2 Rc1+ 55. Kb3 Qxg3+ 56. Kb4 Qxf4 0-1